[Event "Moscow Open 2016 A"]
[Site "?"]
[Date "2016.02.05"]
[Round "7.8"]
[White "Korchmar, Vasiliy"]
[Black "Lintchevski, Daniil"]
[Result "1/2-1/2"]
[BlackElo "2563"]
[WhiteElo "2405"]
[LiveChessVersion "1.4.7"]

1. d4 {[%clk 1:30:04]} e6 {[%clk 1:30:42]} 2. c4 {[%clk 1:30:24]} b6
{[%clk 1:31:05]} 3. e4 {[%clk 1:30:51]} Bb7 {[%clk 1:31:28]} 4. Bd3
{[%clk 1:31:13]} Bb4+ {[%clk 1:30:27]} 5. Kf1 {[%clk 1:31:38]} e5
{[%clk 1:30:52]} 6. d5 {[%clk 1:26:53]} Nf6 {[%clk 1:24:31]} 7. a3
{[%clk 1:10:35]} Be7 {[%clk 1:18:42]} 8. Nf3 {[%clk 1:08:25]} d6 {[%clk 1:17:28]}
9. b4 {[%clk 1:05:51]} O-O {[%clk 1:15:34]} 10. Nc3 {[%clk 0:58:02]} Nbd7
{[%clk 1:10:49]} 11. g3 {[%clk 0:54:24]} c5 {[%clk 1:09:02]} 12. dxc6
{[%clk 0:48:36]} Bxc6 {[%clk 1:09:23]} 13. Kg2 {[%clk 0:48:36]} a5
{[%clk 1:03:42]} 14. Bd2 {[%clk 0:43:46]} axb4 {[%clk 1:03:17]} 15. axb4
{[%clk 0:44:11]} b5 {[%clk 1:03:46]} 16. cxb5 {[%clk 0:40:47]} Bb7
{[%clk 1:04:11]} 17. Re1 {[%clk 0:40:31]} d5 {[%clk 0:54:03]} 18. Nxd5
{[%clk 0:37:18]} Nxd5 {[%clk 0:53:07]} 19. exd5 {[%clk 0:37:41]} Bxd5
{[%clk 0:47:54]} 20. Be4 {[%clk 0:36:42]} Bxe4 {[%clk 0:48:11]} 21. Rxe4
{[%clk 0:37:08]} Qb8 {[%clk 0:46:01]} 22. Bc3 {[%clk 0:29:56]} Rxa1
{[%clk 0:41:18]} 23. Bxa1 {[%clk 0:30:18]} Qxb5 {[%clk 0:40:11]} 24. Bxe5
{[%clk 0:27:56]} Qb7 {[%clk 0:38:49]} 25. Qe2 {[%clk 0:19:31]} Nxe5
{[%clk 0:37:03]} 26. Rxe5 {[%clk 0:19:53]} Bxb4 {[%clk 0:36:03]} 27. Qb5
{[%clk 0:18:50]} Qxb5 {[%clk 0:36:29]} 28. Rxb5 {[%clk 0:19:17]} Bc3
{[%clk 0:36:55]} 29. Rc5 {[%clk 0:19:41]} Bb2 {[%clk 0:37:08]} 30. Rb5
{[%clk 0:20:06]} Bc3 {[%clk 0:37:36]} 31. Rc5 {[%clk 0:20:31]} Bb2
{[%clk 0:38:05]} 32. Rb5 {[%clk 0:20:57]} Bc3 {[%clk 0:38:33]} 33. Rc5
{[%clk 0:21:22]} Bb2 {[%clk 0:38:54]} 34. Rb5 {[%clk 0:21:49]} Bc3
{[%clk 0:39:22]} 35. Rc5 {[%clk 0:22:15]} Bb2 {[%clk 0:39:51]} 36. Rb5
{[%clk 0:22:41]} Bc3 {[%clk 0:40:20]} 37. Rc5 {[%clk 0:23:07]} Bb2
{[%clk 0:40:48]} 38. Rb5 {[%clk 0:23:33]} Bc3 {[%clk 0:41:17]} 39. Rc5
{[%clk 0:23:59]} Bb2 {[%clk 0:41:46]} 40. Rb5 {[%clk 0:54:25]} Bc3
{[%clk 1:12:13]} 1/2-1/2

[Event "Moscow Open 2016 A"]
[Site "?"]
[Date "2016.02.05"]
[Round "7.9"]
[White "Pridorozhni, Aleksei"]
[Black "Iljiushenok, Ilia"]
[Result "1/2-1/2"]
[BlackElo "2470"]
[WhiteElo "2550"]
[LiveChessVersion "1.4.7"]

1. e4 e5 {[%clk 1:22:50]} 2. Nf3 {[%clk 1:31:09]} Nc6 {[%clk 1:23:10]} 3. d4
{[%clk 1:30:44]} exd4 {[%clk 1:23:13]} 4. Nxd4 {[%clk 1:31:09]} Bc5
{[%clk 1:23:20]} 5. Nb3 {[%clk 1:31:17]} Bb6 {[%clk 1:23:42]} 6. Nc3
{[%clk 1:31:37]} Nge7 {[%clk 1:22:07]} 7. Qe2 {[%clk 1:31:12]} O-O
{[%clk 1:22:19]} 8. Be3 {[%clk 1:31:11]} f5 {[%clk 1:21:42]} 9. O-O-O
{[%clk 1:30:32]} f4 {[%clk 1:05:54]} 10. Bxb6 {[%clk 1:18:47]} axb6
{[%clk 1:06:17]} 11. Kb1 {[%clk 1:18:48]} d6 {[%clk 1:06:11]} 12. Qd2
{[%clk 1:18:57]} Kh8 {[%clk 0:50:21]} 13. g3 {[%clk 1:03:29]} Bg4
{[%clk 0:42:13]} 14. Be2 {[%clk 1:03:37]} Bxe2 {[%clk 0:42:26]} 15. Nxe2
{[%clk 1:03:42]} fxg3 {[%clk 0:40:08]} 16. Nf4 {[%clk 0:45:47]} g2
{[%clk 0:37:08]} 17. Rhg1 {[%clk 0:43:10]} Qd7 {[%clk 0:36:15]} 18. Rxg2
{[%clk 0:42:56]} Ne5 {[%clk 0:34:42]} 19. Nh5 {[%clk 0:35:59]} Qa4
{[%clk 0:12:34]} 20. a3 {[%clk 0:35:21]} N5g6 {[%clk 0:11:51]} 21. Nd4
{[%clk 0:23:42]} Ra5 {[%clk 0:09:20]} 22. Ng3 {[%clk 0:19:02]} Nh4
{[%clk 0:07:38]} 23. Rgg1 {[%clk 0:18:43]} Nf3 {[%clk 0:06:51]} 24. Qe3
{[%clk 0:09:11]} Nxg1 {[%clk 0:06:58]} 25. Rxg1 {[%clk 0:09:35]} Qd7
{[%clk 0:05:59]} 26. f4 {[%clk 0:09:56]} Rf7 {[%clk 0:04:45]} 27. f5
{[%clk 0:08:56]} Re5 {[%clk 0:04:19]} 28. Qb3 {[%clk 0:08:48]} Nc6
{[%clk 0:03:28]} 29. Nf3 {[%clk 0:08:20]} Ree7 {[%clk 0:03:28]} 30. Ng5
{[%clk 0:08:28]} Rf8 {[%clk 0:02:57]} 31. Nh5 {[%clk 0:08:21]} Ne5
{[%clk 0:02:01]} 32. Ne6 {[%clk 0:05:15]} Rff7 {[%clk 0:02:12]} 33. Nhf4
{[%clk 0:04:49]} h6 {[%clk 0:00:53]} 34. Qh3 {[%clk 0:04:06]} c6 {[%clk 0:01:19]}
35. Ng6+ {[%clk 0:03:02]} Nxg6 {[%clk 0:01:38]} 36. Rxg6 {[%clk 0:03:28]} Qe8
{[%clk 0:00:56]} 37. c4 {[%clk 0:02:40]} Rd7 {[%clk 0:00:57]} 38. Ka2
{[%clk 0:02:07]} Rde7 {[%clk 0:00:59]} 39. Qc3 {[%clk 0:01:04]} Kg8
{[%clk 0:00:50]} 40. Qg3 {[%clk 0:31:22]} Kh8 {[%clk 0:30:36]} 41. Qxd6
{[%clk 0:23:38]} Rf6 {[%clk 0:18:44]} 42. Rxf6 {[%clk 0:16:37]} gxf6
{[%clk 0:19:10]} 43. Nf4 {[%clk 0:15:47]} Rf7 {[%clk 0:17:46]} 44. e5
{[%clk 0:15:47]} fxe5 {[%clk 0:15:54]} 45. Qxh6+ {[%clk 0:16:07]} Kg8
{[%clk 0:13:20]} 46. Qg6+ {[%clk 0:16:00]} Kh8 {[%clk 0:12:36]} 47. Qh5+
{[%clk 0:15:24]} Kg8 {[%clk 0:12:21]} 48. Ng6 {[%clk 0:13:49]} Rg7
{[%clk 0:12:08]} 49. Qh8+ {[%clk 0:13:12]} Kf7 {[%clk 0:12:37]} 50. Qh6
{[%clk 0:13:34]} Rg8 {[%clk 0:08:26]} 51. h4 {[%clk 0:12:06]} e4 {[%clk 0:08:27]}
52. Qf4 {[%clk 0:11:11]} e3 {[%clk 0:05:46]} 53. Ne5+ {[%clk 0:06:48]} Kf6
{[%clk 0:06:09]} 54. Ng4+ {[%clk 0:07:12]} Rxg4 {[%clk 0:06:24]} 55. Qxg4
{[%clk 0:05:40]} e2 {[%clk 0:04:03]} 56. Qg5+ {[%clk 0:06:03]} Kf7
{[%clk 0:04:32]} 57. Qh5+ {[%clk 0:04:47]} Kf8 {[%clk 0:04:57]} 58. Qh6+
{[%clk 0:04:58]} Ke7 {[%clk 0:02:47]} 59. Qg7+ {[%clk 0:01:56]} Kd6
{[%clk 0:01:48]} 60. Qd4+ {[%clk 0:01:41]} Kc7 {[%clk 0:01:54]} 61. Qg7+
{[%clk 0:01:53]} Kd6 {[%clk 0:00:44]} 62. Qd4+ {[%clk 0:02:16]} Kc7
{[%clk 0:01:11]} 63. Qg7+ {[%clk 0:02:40]} Kb8 {[%clk 0:01:02]} 64. f6
{[%clk 0:02:50]} Qe4 {[%clk 0:01:17]} 65. Qg3+ {[%clk 0:01:52]} Ka7
{[%clk 0:01:21]} 66. Qe1 {[%clk 0:00:51]} Qxc4+ {[%clk 0:00:51]} 67. Kb1
{[%clk 0:01:16]} Qe4+ {[%clk 0:00:51]} 68. Kc1 {[%clk 0:01:27]} Qf4+
{[%clk 0:01:12]} 69. Kc2 {[%clk 0:01:47]} Qf1 {[%clk 0:01:21]} 70. Kd2
{[%clk 0:02:11]} Qxf6 {[%clk 0:01:48]} 71. Kxe2 {[%clk 0:01:25]} Qxb2+
{[%clk 0:02:13]} 72. Kf3 {[%clk 0:01:40]} Qxa3+ {[%clk 0:01:58]} 73. Qe3
{[%clk 0:01:52]} Qf8+ {[%clk 0:01:52]} 74. Kg4 {[%clk 0:02:08]} Qg7+
{[%clk 0:02:10]} 75. Qg5 {[%clk 0:02:28]} Qd4+ {[%clk 0:02:35]} 76. Qf4
{[%clk 0:02:53]} Qg1+ {[%clk 0:01:08]} 77. Kf5 {[%clk 0:02:56]} Qc5+
{[%clk 0:00:51]} 78. Kg4 {[%clk 0:02:57]} Qg1+ {[%clk 0:00:39]} 79. Kf5
{[%clk 0:03:20]} Qd1 {[%clk 0:01:02]} 80. Kg6 {[%clk 0:02:31]} Qd3+
{[%clk 0:01:02]} 81. Kf6 {[%clk 0:02:46]} Qd8+ {[%clk 0:01:15]} 82. Kf5
{[%clk 0:01:17]} Qc8+ {[%clk 0:01:16]} 83. Ke4 {[%clk 0:01:01]} Qe8+
{[%clk 0:01:27]} 84. Qe5 {[%clk 0:00:51]} Qg6+ {[%clk 0:01:42]} 85. Kf4
{[%clk 0:00:56]} Qh6+ {[%clk 0:01:23]} 86. Kg4 {[%clk 0:00:54]} Qg6+
{[%clk 0:01:41]} 87. Kf4 {[%clk 0:01:19]} Qg1 {[%clk 0:00:51]} 88. h5
{[%clk 0:01:14]} Qh2+ {[%clk 0:01:16]} 89. Ke4 {[%clk 0:01:40]} Qe2+
{[%clk 0:01:37]} 90. Kf4 {[%clk 0:02:05]} Qh2+ {[%clk 0:02:05]} 91. Ke4
{[%clk 0:02:30]} Qe2+ {[%clk 0:01:42]} 1/2-1/2

[Event "Moscow Open 2016 A"]
[Site "?"]
[Date "2016.02.05"]
[Round "7.10"]
[White "Kopylov, Alexander A."]
[Black "Bernadskiy, Vitaliy"]
[Result "1/2-1/2"]
[BlackElo "2546"]
[WhiteElo "2401"]
[LiveChessVersion "1.4.7"]

1. d4 {[%clk 1:12:00]} Nf6 {[%clk 1:23:32]} 2. g3 {[%clk 1:04:27]} d5
{[%clk 1:14:12]} 3. Bg2 {[%clk 1:02:53]} c5 {[%clk 1:12:13]} 4. Nf3
{[%clk 1:02:38]} cxd4 {[%clk 1:10:03]} 5. O-O {[%clk 1:01:34]} h6
{[%clk 1:08:11]} 6. a3 {[%clk 0:50:41]} e6 {[%clk 1:00:27]} 7. Nxd4
{[%clk 0:48:37]} e5 {[%clk 0:36:25]} 8. Nf3 {[%clk 0:41:35]} Qc7 {[%clk 0:31:42]}
9. c4 {[%clk 0:26:06]} dxc4 {[%clk 0:30:09]} 10. Nc3 {[%clk 0:26:27]} Be6
{[%clk 0:29:14]} 11. Nxe5 {[%clk 0:23:57]} Qxe5 {[%clk 0:21:24]} 12. Bxb7
{[%clk 0:23:03]} Ng4 {[%clk 0:18:15]} 13. Bxa8 {[%clk 0:13:39]} Qh5
{[%clk 0:17:27]} 14. h4 {[%clk 0:13:57]} g5 {[%clk 0:17:34]} 15. Nd5
{[%clk 0:12:18]} Bc5 {[%clk 0:15:19]} 16. Be3 {[%clk 0:04:52]} Bxe3
{[%clk 0:14:08]} 17. Nxe3 {[%clk 0:04:12]} Nxe3 {[%clk 0:11:39]} 18. Qd4
{[%clk 0:02:42]} Rg8 {[%clk 0:11:34]} 19. Qxe3 {[%clk 0:02:57]} gxh4
{[%clk 0:11:59]} 20. Rad1 {[%clk 0:02:47]} Rg5 {[%clk 0:10:53]} 21. Rd4
{[%clk 0:01:51]} hxg3 {[%clk 0:10:29]} 22. fxg3 {[%clk 0:02:17]} Qh3
{[%clk 0:09:45]} 23. Kf2 {[%clk 0:02:36]} Qh2+ {[%clk 0:09:06]} 24. Bg2
{[%clk 0:02:02]} Qh5 {[%clk 0:08:51]} 25. Rfd1 {[%clk 0:02:02]} Re5
{[%clk 0:07:31]} 26. Re4 {[%clk 0:00:56]} Nd7 {[%clk 0:07:57]} 27. Rh1
{[%clk 0:00:36]} Qf5+ {[%clk 0:08:08]} 28. Qf4 {[%clk 0:00:46]} Rxe4
{[%clk 0:07:33]} 29. Bxe4 {[%clk 0:01:14]} Qb5 {[%clk 0:07:52]} 30. Rxh6
{[%clk 0:01:30]} Qxb2 {[%clk 0:08:12]} 31. Qd6 {[%clk 0:01:34]} Qg7
{[%clk 0:08:09]} 32. Rxe6+ {[%clk 0:00:55]} fxe6 {[%clk 0:08:35]} 33. Qxe6+
{[%clk 0:01:17]} Kd8 {[%clk 0:08:57]} 34. Qxc4 {[%clk 0:01:19]} Qf8+
{[%clk 0:09:25]} 35. Kg2 {[%clk 0:01:13]} Qxa3 {[%clk 0:09:49]} 36. Bf5
{[%clk 0:00:36]} Qe3 {[%clk 0:07:24]} 37. Qg8+ {[%clk 0:00:38]} Kc7
{[%clk 0:07:49]} 38. Qc4+ {[%clk 0:01:06]} Kd8 {[%clk 0:08:09]} 39. Bg4
{[%clk 0:00:33]} Nc5 {[%clk 0:05:40]} 40. Qg8+ {[%clk 0:30:33]} Kc7
{[%clk 0:34:12]} 41. Qc8+ {[%clk 0:30:02]} Kb6 {[%clk 0:34:11]} 42. Qb8+
{[%clk 0:29:52]} Ka5 {[%clk 0:29:40]} 43. Qxa7+ {[%clk 0:30:12]} Kb4
{[%clk 0:30:08]} 44. Bf3 {[%clk 0:29:50]} Qe5 {[%clk 0:28:21]} 45. Qb6+
{[%clk 0:28:34]} Kc3 {[%clk 0:22:27]} 46. Qa5+ {[%clk 0:28:52]} Kc4
{[%clk 0:22:25]} 47. Qa2+ {[%clk 0:29:09]} Kb5 {[%clk 0:21:40]} 48. Qb1+
{[%clk 0:29:32]} Ka5 {[%clk 0:21:09]} 49. g4 {[%clk 0:28:48]} Qe3
{[%clk 0:20:36]} 50. Qa2+ {[%clk 0:22:33]} Kb6 {[%clk 0:20:53]} 51. Qb2+
{[%clk 0:22:43]} Kc7 {[%clk 0:21:03]} 52. Qg7+ {[%clk 0:22:48]} Kd6
{[%clk 0:21:19]} 53. Qf8+ {[%clk 0:22:50]} Ke5 {[%clk 0:19:46]} 54. Qh8+
{[%clk 0:14:49]} Kd6 {[%clk 0:19:48]} 55. Qh2+ {[%clk 0:14:28]} Ke6
{[%clk 0:19:01]} 56. Qg3 {[%clk 0:12:41]} Kf6 {[%clk 0:19:09]} 57. Qf2
{[%clk 0:12:25]} Qe5 {[%clk 0:13:24]} 58. Qh4+ {[%clk 0:10:45]} Kg6
{[%clk 0:11:11]} 59. Qg3 {[%clk 0:10:58]} Qe3 {[%clk 0:10:33]} 60. Qf2
{[%clk 0:11:03]} Qe5 {[%clk 0:10:46]} 61. e3 {[%clk 0:09:56]} Kg5
{[%clk 0:11:02]} 62. Qd2 {[%clk 0:09:58]} Ne4 {[%clk 0:10:35]} 63. Qd8+
{[%clk 0:06:31]} Nf6 {[%clk 0:11:01]} 64. Qf8 {[%clk 0:04:35]} Nxg4
{[%clk 0:10:19]} 65. Qg8+ {[%clk 0:01:49]} Kh6 {[%clk 0:10:21]} 66. Bxg4
{[%clk 0:01:53]} Qg3+ {[%clk 0:10:36]} 1/2-1/2

[Event "Moscow Open 2016 A"]
[Site "?"]
[Date "2016.02.05"]
[Round "7.11"]
[White "Yudin, Sergei"]
[Black "Oganian, Miran"]
[Result "1/2-1/2"]
[BlackElo "2405"]
[WhiteElo "2545"]
[LiveChessVersion "1.4.7"]

1. e4 {[%clk 1:27:21]} c5 {[%clk 1:30:50]} 2. Nf3 {[%clk 1:27:44]} Nc6
{[%clk 1:31:14]} 3. Bb5 {[%clk 1:27:17]} g6 {[%clk 1:31:37]} 4. O-O
{[%clk 1:27:14]} Bg7 {[%clk 1:32:03]} 5. Re1 {[%clk 1:27:00]} e5 {[%clk 1:32:26]}
6. c3 {[%clk 1:25:30]} Nge7 {[%clk 1:31:33]} 7. d3 {[%clk 1:24:23]} O-O
{[%clk 1:27:54]} 8. a3 {[%clk 1:23:50]} d6 {[%clk 1:20:43]} 9. b4
{[%clk 1:22:49]} a6 {[%clk 1:04:37]} 10. Bc4 {[%clk 1:21:42]} b5 {[%clk 1:04:35]}
11. Bb3 {[%clk 1:21:21]} a5 {[%clk 1:02:39]} 12. bxc5 {[%clk 1:15:33]} dxc5
{[%clk 1:02:46]} 13. a4 {[%clk 1:13:23]} b4 {[%clk 1:00:38]} 14. Bc4
{[%clk 1:13:46]} Qd6 {[%clk 0:55:39]} 15. Be3 {[%clk 1:12:35]} Ba6
{[%clk 0:54:36]} 16. Qb3 {[%clk 1:12:29]} Nd8 {[%clk 0:51:29]} 17. Nbd2
{[%clk 1:06:38]} Bxc4 {[%clk 0:35:43]} 18. Qxc4 {[%clk 1:00:23]} Ne6
{[%clk 0:35:49]} 19. Nb3 {[%clk 1:00:05]} Rfc8 {[%clk 0:33:16]} 20. Ng5
{[%clk 0:57:10]} Nxg5 {[%clk 0:27:32]} 21. Bxg5 {[%clk 0:57:17]} Nc6
{[%clk 0:27:36]} 22. Rec1 {[%clk 0:48:13]} Bf8 {[%clk 0:24:39]} 23. Be3
{[%clk 0:42:23]} Nd4 {[%clk 0:23:02]} 24. cxd4 {[%clk 0:36:48]} cxd4
{[%clk 0:23:22]} 25. Qd5 {[%clk 0:36:37]} dxe3 {[%clk 0:20:46]} 26. fxe3
{[%clk 0:27:16]} Qb6 {[%clk 0:18:53]} 27. d4 {[%clk 0:27:34]} Bh6
{[%clk 0:16:03]} 28. Kh1 {[%clk 0:22:27]} Bxe3 {[%clk 0:13:01]} 29. Rxc8+
{[%clk 0:22:21]} Rxc8 {[%clk 0:13:26]} 30. dxe5 {[%clk 0:22:37]} Qe6
{[%clk 0:05:35]} 31. Qxe6 {[%clk 0:16:53]} fxe6 {[%clk 0:05:57]} 32. Nxa5
{[%clk 0:17:15]} Rc2 {[%clk 0:02:26]} 33. g3 {[%clk 0:12:16]} Bb6
{[%clk 0:02:19]} 34. Nb3 {[%clk 0:12:33]} Rb2 {[%clk 0:02:16]} 35. a5
{[%clk 0:12:49]} Ba7 {[%clk 0:00:59]} 36. Rd1 {[%clk 0:12:40]} Rxb3
{[%clk 0:00:34]} 37. Rd8+ {[%clk 0:13:03]} Kg7 {[%clk 0:01:01]} 38. Rd7+
{[%clk 0:13:27]} Kh6 {[%clk 0:01:15]} 39. Rxa7 {[%clk 0:13:50]} Re3
{[%clk 0:00:39]} 40. Rb7 {[%clk 0:43:23]} Rxe4 {[%clk 0:30:36]} 41. a6
{[%clk 0:43:17]} 1/2-1/2

[Event "Moscow Open 2016 A"]
[Site "?"]
[Date "2016.02.05"]
[Round "7.12"]
[White "Vokhidov, Shamsiddin"]
[Black "Ivanov, Oleg V"]
[Result "1/2-1/2"]
[BlackElo "2519"]
[WhiteElo "2352"]
[LiveChessVersion "1.4.7"]

1. e4 {[%clk 1:30:55]} c5 {[%clk 1:30:52]} 2. Nf3 {[%clk 1:31:19]} Nc6
{[%clk 1:31:13]} 3. Bb5 {[%clk 1:31:36]} g6 {[%clk 1:31:33]} 4. Bxc6
{[%clk 1:31:57]} dxc6 {[%clk 1:31:59]} 5. d3 {[%clk 1:32:15]} Bg7
{[%clk 1:31:49]} 6. h3 {[%clk 1:32:21]} b6 {[%clk 1:24:08]} 7. Nc3
{[%clk 1:31:36]} Nh6 {[%clk 1:21:38]} 8. Be3 {[%clk 1:31:24]} f6 {[%clk 1:21:38]}
9. a3 {[%clk 1:28:10]} Nf7 {[%clk 1:18:10]} 10. O-O {[%clk 1:26:47]} O-O
{[%clk 1:18:11]} 11. d4 {[%clk 1:23:18]} cxd4 {[%clk 1:16:23]} 12. Nxd4
{[%clk 1:23:43]} Qc7 {[%clk 1:14:40]} 13. f4 {[%clk 1:18:22]} e5 {[%clk 1:05:04]}
14. fxe5 {[%clk 1:18:28]} Nxe5 {[%clk 1:04:59]} 15. Qe2 {[%clk 1:18:10]} Re8
{[%clk 1:00:28]} 16. Bf4 {[%clk 1:17:20]} Bb7 {[%clk 0:59:09]} 17. Kh1
{[%clk 1:17:05]} Qe7 {[%clk 0:58:18]} 18. Rad1 {[%clk 1:16:40]} Kh8
{[%clk 0:57:00]} 19. Nf3 {[%clk 1:11:21]} Nxf3 {[%clk 0:54:51]} 20. Qxf3
{[%clk 1:11:45]} Rad8 {[%clk 0:52:34]} 21. Rxd8 {[%clk 1:10:55]} Rxd8
{[%clk 0:52:50]} 22. Rd1 {[%clk 1:08:52]} Rxd1+ {[%clk 0:43:10]} 23. Qxd1
{[%clk 1:08:54]} h5 {[%clk 0:39:04]} 24. Qd6 {[%clk 1:06:03]} Qxd6
{[%clk 0:27:48]} 25. Bxd6 {[%clk 1:06:31]} b5 {[%clk 0:27:56]} 26. Ne2
{[%clk 1:00:23]} c5 {[%clk 0:22:58]} 27. Bxc5 {[%clk 0:54:27]} Bxe4
{[%clk 0:22:27]} 28. Bxa7 {[%clk 0:54:53]} Bxc2 {[%clk 0:22:46]} 29. Nd4
{[%clk 0:55:17]} Bd3 {[%clk 0:21:47]} 30. Ne6 {[%clk 0:54:25]} Bc4
{[%clk 0:07:46]} 31. Nxg7 {[%clk 0:54:34]} Kxg7 {[%clk 0:08:12]} 32. h4
{[%clk 0:54:41]} g5 {[%clk 0:08:26]} 33. hxg5 {[%clk 0:54:56]} fxg5
{[%clk 0:08:53]} 34. g3 {[%clk 0:55:12]} Kg6 {[%clk 0:09:10]} 35. Kh2
{[%clk 0:55:29]} Kf5 {[%clk 0:09:34]} 36. Bb6 {[%clk 0:55:52]} Kg4
{[%clk 0:09:58]} 37. Ba7 {[%clk 0:56:17]} Kf3 {[%clk 0:10:10]} 38. Bb6
{[%clk 0:56:41]} Kg4 {[%clk 0:10:35]} 39. Ba7 {[%clk 0:57:05]} Kf3
{[%clk 0:10:55]} 40. Bb6 {[%clk 1:27:31]} Kg4 {[%clk 0:41:12]} 1/2-1/2

[Event "Moscow Open 2016 A"]
[Site "?"]
[Date "2016.02.05"]
[Round "7.13"]
[White "Gordievsky, Dmitry"]
[Black "Kukhmazov, Arsen"]
[Result "1-0"]
[BlackElo "2414"]
[WhiteElo "2506"]
[LiveChessVersion "1.4.7"]

1. c4 {[%clk 1:30:56]} c6 {[%clk 1:25:14]} 2. Nf3 {[%clk 1:31:22]} d5
{[%clk 1:25:21]} 3. e3 {[%clk 1:31:47]} Nf6 {[%clk 1:24:51]} 4. Nc3
{[%clk 1:32:09]} Bf5 {[%clk 1:10:27]} 5. cxd5 {[%clk 1:15:27]} cxd5
{[%clk 1:10:49]} 6. Qb3 {[%clk 1:15:51]} Nc6 {[%clk 1:10:57]} 7. Qxb7
{[%clk 1:10:31]} Bd7 {[%clk 1:11:06]} 8. Nb5 {[%clk 0:57:01]} Rc8
{[%clk 1:10:11]} 9. Nxa7 {[%clk 0:56:51]} Nxa7 {[%clk 1:00:54]} 10. Qxa7
{[%clk 0:57:14]} e6 {[%clk 0:46:33]} 11. Ne5 {[%clk 0:47:21]} Bc5
{[%clk 0:46:27]} 12. Qa6 {[%clk 0:47:44]} O-O {[%clk 0:46:25]} 13. Nxd7
{[%clk 0:44:29]} Qxd7 {[%clk 0:43:55]} 14. Be2 {[%clk 0:43:54]} Ra8
{[%clk 0:38:12]} 15. Qb5 {[%clk 0:43:36]} Qd6 {[%clk 0:38:28]} 16. d4
{[%clk 0:31:36]} Bb4+ {[%clk 0:38:05]} 17. Kf1 {[%clk 0:32:01]} Rfc8
{[%clk 0:37:41]} 18. g3 {[%clk 0:31:04]} h5 {[%clk 0:31:46]} 19. Kg2
{[%clk 0:30:50]} h4 {[%clk 0:31:13]} 20. Rf1 {[%clk 0:26:58]} Ne4
{[%clk 0:30:50]} 21. Qd3 {[%clk 0:26:45]} Rc6 {[%clk 0:21:04]} 22. a3
{[%clk 0:26:32]} Ba5 {[%clk 0:21:19]} 23. Qd1 {[%clk 0:23:53]} e5
{[%clk 0:20:31]} 24. Bb5 {[%clk 0:22:51]} Rb6 {[%clk 0:19:34]} 25. Bd3
{[%clk 0:23:08]} exd4 {[%clk 0:18:34]} 26. exd4 {[%clk 0:22:40]} Qf6
{[%clk 0:18:55]} 27. f3 {[%clk 0:19:41]} Ng5 {[%clk 0:17:38]} 28. b4
{[%clk 0:17:37]} Bxb4 {[%clk 0:17:48]} 29. Bxg5 {[%clk 0:17:55]} Qxg5
{[%clk 0:16:29]} 30. f4 {[%clk 0:17:37]} h3+ {[%clk 0:16:56]} 31. Kh1
{[%clk 0:17:53]} Qd8 {[%clk 0:16:34]} 1-0

[Event "Moscow Open 2016 A"]
[Site "?"]
[Date "2016.02.05"]
[Round "7.14"]
[White "Sarana, Alexey"]
[Black "Grachev, Boris"]
[Result "1/2-1/2"]
[BlackElo "2652"]
[WhiteElo "2435"]
[LiveChessVersion "1.4.7"]

1. d4 {[%clk 1:30:58]} Nf6 {[%clk 1:25:09]} 2. Nf3 {[%clk 1:31:25]} e6
{[%clk 1:25:15]} 3. c4 {[%clk 1:31:50]} Bb4+ {[%clk 1:25:12]} 4. Nbd2
{[%clk 1:32:06]} O-O {[%clk 1:24:57]} 5. a3 {[%clk 1:32:31]} Be7 {[%clk 1:25:22]}
6. e4 {[%clk 1:32:48]} d6 {[%clk 1:25:46]} 7. Bd3 {[%clk 1:33:08]} e5
{[%clk 1:25:36]} 8. O-O {[%clk 1:33:28]} Nbd7 {[%clk 1:14:38]} 9. b4
{[%clk 1:30:22]} exd4 {[%clk 1:13:55]} 10. Nxd4 {[%clk 1:30:49]} Ne5
{[%clk 1:13:41]} 11. Bc2 {[%clk 1:30:42]} c5 {[%clk 1:11:26]} 12. Nf5
{[%clk 1:29:16]} Bxf5 {[%clk 1:09:04]} 13. exf5 {[%clk 1:29:44]} d5
{[%clk 1:08:44]} 14. Qe2 {[%clk 1:12:13]} Nc6 {[%clk 1:04:00]} 15. b5
{[%clk 0:58:45]} Nd4 {[%clk 1:01:06]} 16. Qd3 {[%clk 0:59:02]} a6
{[%clk 0:51:45]} 17. bxa6 {[%clk 0:53:52]} dxc4 {[%clk 0:50:13]} 18. Nxc4
{[%clk 0:52:25]} b5 {[%clk 0:50:17]} 19. Ne3 {[%clk 0:51:48]} c4 {[%clk 0:49:01]}
20. Qd1 {[%clk 0:50:27]} Rxa6 {[%clk 0:47:14]} 21. Bb2 {[%clk 0:50:47]} Bc5
{[%clk 0:45:27]} 22. a4 {[%clk 0:44:45]} Rd6 {[%clk 0:37:18]} 23. axb5
{[%clk 0:44:27]} Nb3 {[%clk 0:31:08]} 24. Bxb3 {[%clk 0:41:21]} Rxd1
{[%clk 0:30:59]} 25. Raxd1 {[%clk 0:41:43]} Qb8 {[%clk 0:24:43]} 26. Bxc4
{[%clk 0:41:36]} Bxe3 {[%clk 0:24:24]} 27. Bxf6 {[%clk 0:41:15]} Bf4
{[%clk 0:24:24]} 28. Be7 {[%clk 0:37:31]} Re8 {[%clk 0:20:55]} 29. Rd7
{[%clk 0:36:04]} Bxh2+ {[%clk 0:10:31]} 30. Kh1 {[%clk 0:36:23]} Qc8
{[%clk 0:10:57]} 31. Rfd1 {[%clk 0:36:41]} Qxc4 {[%clk 0:10:41]} 32. Rd8
{[%clk 0:37:05]} f6 {[%clk 0:10:13]} 33. Rxe8+ {[%clk 0:35:02]} Kf7
{[%clk 0:09:44]} 34. Rdd8 {[%clk 0:31:24]} Bc7 {[%clk 0:09:49]} 35. Rf8+
{[%clk 0:31:47]} Kxe7 {[%clk 0:10:16]} 36. Rfe8+ {[%clk 0:32:13]} Kf7
{[%clk 0:10:42]} 37. Rf8+ {[%clk 0:32:38]} Ke7 {[%clk 0:11:08]} 38. Rfe8+
{[%clk 0:33:04]} Kf7 {[%clk 0:11:34]} 39. Rf8+ {[%clk 0:33:31]} Ke7
{[%clk 0:12:00]} 40. Rfe8+ {[%clk 1:03:58]} Kf7 {[%clk 0:42:26]} 1/2-1/2